00405 2200157 4500001002100000005001500021035002000036245004800056100003000104250001200134300002400146260003700170082000800207084001400215020001800229INLIS00000000000115720260430115442 a0010-04260000151 aberani katakan /csri sarastuti, nihal nada0 asri sarastuti, nihal nada apertama a24 hlm :bilustrasi ajakarta :bKEMENdikdasmen,c2023 a813 a813 SRI b a9786024377748